| 000 | 00506nam a2200145 a 4500 | ||
|---|---|---|---|
| 001 | 000035871 | ||
| 005 | 20200930074700.0 | ||
| 008 | 111115s1956 dr 000 0 spa d | ||
| 040 |
_aDO-SdBNP _bspa _cBNPHU |
||
| 245 | 0 | 0 |
_aHomenaje al patriota : _bel centenario de Juan Gualberto Gómez, 1854 - Julio 12 -1954 /. |
| 260 |
_aLa Habana : _bMunicipio de la Habana, _c1956. |
||
| 300 |
_a72 p. : _bil. ; _c22 cm. |
||
| 590 | _aPerteneció a la biblioteca personal de Juan Isidro Jimenes Grullón | ||
| 049 | _aBNPD | ||
| 999 |
_c35362 _d35362 |
||